| 000 -ლიდერი |
| ფიქსირებული სიგრძის საკონტროლო ველი |
01523nam a2200277Ia 4500 |
| 001 - საკონტროლო ნომერი |
| საკონტროლო ველი |
19533 |
| 003 - საკონტროლო ნომრის იდენტიფიკატორი |
| საკონტროლო ველი |
GE_BSU |
| 005 - ბოლო ოპერაციის თარიღი და დრო |
| საკონტროლო ველი |
20200224152221.0 |
| 008 - ფიქსირებული სიგრძის მონაცემთა ელემენტები - ზოგადი ინფორმაცია |
| ფიქსირებული სიგრძის საკონტროლო ველი |
181216s1974||||ge |||||||||||||| ||geo|| |
| 040 ## - კატალოგიზაციის წყარო |
| Transcribing agency |
GE_BSU |
| 041 ## - ენის კოდი |
| Language code of text/sound track or separate title |
geo |
| 080 ## - უნივერსალური ათობითი კლასიფიკაციის ინდექსი |
| Universal Decimal Classification number |
811.353.1 მ-59 |
| 245 ## - ცნობა სათაურის შესახებ |
| Title |
მეტყველების ანალიზის საკითხები V = Вопросы анализа речи / |
| Statement of responsibility, etc |
რედ. ჯ. ჯაფარიძე. |
| 264 ## - წარმოების, გამოცემის, დისტრიბუციის და სხვა ცნობები |
| გამოცემის, წარმოების, დისტრიბუციის... ადგილი |
თბილისი : |
| გამოცემის, წარმოების, დისტრიბუციის... სახელწოდება |
მეცნიერება, |
| გამოცემის, წარმოების, დისტრიბუციის... თარიღი |
1974. |
| 300 ## - ფიზიკური აღწერა |
| Extent |
140 გვ. : |
| Other physical details |
1 ფოტო პორტ. ; |
| Dimensions |
26 სმ. |
| 520 ## - SUMMARY, ETC. |
| Summary, etc |
ეძღვნება ფილოლოგიურ მეცნიერებათა დოქტორის შოთა გაფრინდაშვილის 60წლისთავს |
| 546 ## - LANGUAGE NOTE |
| Language note |
ზოგიერთი სტატია რუს. ენ. |
| 653 ## - INDEX TERM--UNCONTROLLED |
| Uncontrolled term |
Вопросы анализа речи |
| 653 ## - INDEX TERM--UNCONTROLLED |
| Uncontrolled term |
მეტყველების ანალიზი |
| 653 ## - INDEX TERM--UNCONTROLLED |
| Uncontrolled term |
ქართული ენის ფონეტიკა |
| 653 ## - INDEX TERM--UNCONTROLLED |
| Uncontrolled term |
მეტყველების ანალიზის საკითხები |
| 700 ## - ADDED ENTRY--PERSONAL NAME |
| Personal name |
ჯაფარიძე, ჯ. |
| Relator term |
რედაქტორი |
| 9 (RLIN) |
7400 |
| 710 ## - ADDED ENTRY--CORPORATE NAME |
| Corporate name or jurisdiction name as entry element |
საქართველოს სსრ მეცნიერებათა აკადემია ენათმეცნიერების ინ-ტი |
| 9 (RLIN) |
7401 |
| 942 ## - ADDED ENTRY ELEMENTS (KOHA) |
| Koha item type |
წიგნი |
| Source of classification or shelving scheme |
|